Applications of information systems to homeland security and defense / (Record no. 23896)
[ view plain ]
| 000 -LEADER | |
|---|---|
| fixed length control field | 02268cam a22003255a 4500 |
| 001 - CONTROL NUMBER | |
| control field | 13961445 |
| 005 - DATE AND TIME OF LATEST TRANSACTION | |
| control field | 20170111154615.0 |
| 008 - FIXED-LENGTH DATA ELEMENTS--GENERAL INFORMATION | |
| fixed length control field | 050511t2006 paua frb 001 0 eng d |
| 020 ## - INTERNATIONAL STANDARD BOOK NUMBER | |
| International Standard Book Number | 1591406404 |
| 020 ## - INTERNATIONAL STANDARD BOOK NUMBER | |
| International Standard Book Number | 9781591406402 |
| 040 ## - CATALOGING SOURCE | |
| Original cataloging agency | DLC |
| Transcribing agency | DLC |
| Modifying agency | BAKER |
| -- | C#P |
| -- | PMC |
| -- | DLC |
| -- | EG-ScBUE |
| Language of cataloging | eng |
| 043 ## - GEOGRAPHIC AREA CODE | |
| Geographic area code | n-us--- |
| 082 04 - DEWEY DECIMAL CLASSIFICATION NUMBER | |
| Edition number | 22 |
| Classification number | 363.320285 |
| Item number | APP |
| 245 00 - TITLE STATEMENT | |
| Title | Applications of information systems to homeland security and defense / |
| Statement of responsibility, etc | [editors] Hussein A. Abbass, Daryl Essam. |
| 260 ## - PUBLICATION, DISTRIBUTION, ETC. (IMPRINT) | |
| Place of publication, distribution, etc | Hershey : |
| Name of publisher, distributor, etc | Idea Group Publishing, |
| Date of publication, distribution, etc | c.2006. |
| 300 ## - PHYSICAL DESCRIPTION | |
| Extent | xii, 257 p. : |
| Other physical details | ill. ; |
| Dimensions | 26 cm. |
| 504 ## - BIBLIOGRAPHY, ETC. NOTE | |
| Bibliography, etc | Includes bibliographical references and index. |
| 505 0# - FORMATTED CONTENTS NOTE | |
| Formatted contents note | All hazards analysis : a complexity perspective / Daryl Essam, Hussein A. Abbass -- Small & simple : application-specific multi-agent systems / Michael Barlow, Robert Cox -- How hard is it to red team? / Ang Yang, Hussein A. Abbass, Ruhul Sarker -- Network robustness for critical infrastructure networks / Anthony H. Dekker, Bernard Colbert -- Distributed intrusion detection systems : a computational intelligence approach / Ajith Abraham, Johnson Thomas -- The game of defense and security / Michael Barlow -- Realized applications of positioning technologies in defense intelligence / Katina Michael, Amelia Masters -- The advancement of positioning technologies in defense intelligence / Katina Michael, Amelia Masters -- Simulating complexity-based ethics for crucial decision making in counter terrorism / Cecilia Andrews, Edward Lewis. |
| 520 ## - SUMMARY, ETC. | |
| Summary, etc | "This book provides an overview of complex systems' techniques and presents both guidelines and specific instances of how they can be applied to security and defense applications"--Provided by publisher. |
| 650 #0 - SUBJECT ADDED ENTRY--TOPICAL TERM | |
| Topical term or geographic name as entry element | Artificial intelligence |
| General subdivision | Military applications. |
| Source of heading or term | BUEsh |
| 650 #7 - SUBJECT ADDED ENTRY--TOPICAL TERM | |
| Topical term or geographic name as entry element | Information storage and retrieval systems. |
| Source of heading or term | BUEsh |
| 9 (RLIN) | 34108 |
| 650 #0 - SUBJECT ADDED ENTRY--TOPICAL TERM | |
| Topical term or geographic name as entry element | National security |
| General subdivision | Technological innovations |
| Geographic subdivision | United States. |
| Source of heading or term | BUEsh |
| 650 #0 - SUBJECT ADDED ENTRY--TOPICAL TERM | |
| Topical term or geographic name as entry element | Military art and science |
| General subdivision | Data processing. |
| Source of heading or term | BUEsh |
| 650 #0 - SUBJECT ADDED ENTRY--TOPICAL TERM | |
| Topical term or geographic name as entry element | Terrorism |
| General subdivision | Prevention |
| -- | Technological innovations |
| Geographic subdivision | United States. |
| Source of heading or term | BUEsh |
| 651 ## - SUBJECT ADDED ENTRY--GEOGRAPHIC NAME | |
| Source of heading or term | BUEsh |
| 653 ## - INDEX TERM--UNCONTROLLED | |
| Resource For college | Informatics and Computer Science |
| Arrived date list | January2017 |
| 700 1# - ADDED ENTRY--PERSONAL NAME | |
| Personal name | Abbass, Hussein A. |
| Relator term | edittor. |
| 700 1# - ADDED ENTRY--PERSONAL NAME | |
| Personal name | Essam, Daryl, |
| Dates associated with a name | 1969- |
| Relator term | edittor. |
| 942 ## - ADDED ENTRY ELEMENTS (KOHA) | |
| Source of classification or shelving scheme | Dewey Decimal Classification |
| Withdrawn status | Item status | Source of classification or shelving scheme | Damaged status | Not for loan | Vendor | Home library | Current library | Shelving location | Date acquired | Source of acquisition | Cost, normal purchase price | Serial Enumeration / chronology | Total Checkouts | Full call number | Barcode | Date last seen | Cost, replacement price | Koha item type |
|---|---|---|---|---|---|---|---|---|---|---|---|---|---|---|---|---|---|---|
| Dewey Decimal Classification | Scientific home BookShop | Central Library | Central Library | First floor | 11/01/2017 | Purchase | 695.00 | 2691 | 363.320285 APP | 000040850 | 15/07/2025 | 868.75 | Book - Borrowing |